Normal view
MARC view
- Abbott, W
Entry Corporate Name
001 - CONTROL NUMBER
- control field: 40417
003 - CONTROL NUMBER IDENTIFIER
- control field: NUST
005 - DATE AND TIME OF LATEST TRANSACTION
- control field: 20210314131747.0
008 - FIXED-LENGTH DATA ELEMENTS
- fixed length control field: 210314|| aca||aabn | a|a d
040 ## - CATALOGING SOURCE
- Original cataloging agency: NUST
- Transcribing agency: NUST
110 ## - HEADING--CORPORATE NAME
- Corporate name or jurisdiction name as entry element: Abbott, W
670 ## - SOURCE DATA FOUND
- Source citation: Work cat.: (NUST): Abbott, W. , Technical drawing /, c2005.
